talk to myself - Nessa Barrett - Statistics

General Stats
  • This quiz has been taken 21 times
  • The average score is 296 of 349
Answer Stats
Hint Answer % Correct
a
100%
don't
100%
Verse 1 | Verse 2 I
100%
it
100%
me
100%
my
100%
myself
100%
to
100%
you
100%
and
93%
be
93%
can
93%
go
93%
if
93%
Chorus If
93%
in
93%
like
93%
more
93%
much
93%
no
93%
out
93%
talk
93%
too
93%
your
93%
ahead
86%
are
86%
can't
86%
cry
86%
give
86%
hard
86%
head
86%
hell
86%
Bridge | Pre-Chorus It's
86%
love
86%
mean
86%
one
86%
parties
86%
say
86%
shit
86%
so
86%
stupid
86%
telling
86%
than
86%
that
86%
the
86%
think
86%
try
86%
voice
86%
you're
86%
but
79%
could
79%
finger
79%
make
79%
pretty
79%
useless
79%
well
79%
anymore
71%
crazy
71%
i'd
71%
im
71%
judgement
71%
likes
71%
need
71%
toxic
71%
who
71%
better
64%
'cause
64%
dead
64%
for
64%
gossip
64%
off
64%
fucked
57%
keep
57%
totally
57%
calling
50%
got
50%
help
50%
hurt
50%
point
50%
there's
50%
when
50%
already
43%
does
43%
someone
43%
wish
43%
blame
36%
bleed
36%
cool
36%
else
36%
masochistic
36%
maybe
36%
she's
36%
sing
36%
somebody
36%
twisted
36%
die
29%
sick
29%
wanna
29%
talk
14%
useless
7%
No matching quizzes found
Score Distribution
Percent of People with Each Score
Percentile by Number Answered
Your Score History
You have not taken this quiz